00489nam a2200109Ia 4500008004100000050002700041100002100068245015900089260008600248300003300334521001200367140724s9999 xx 000 0 und d aRC 681.A1b.Ac173 2010 aAcena, Hannah A. 4aThe relationship between adequacy of sleep and performance in the core subjects among BSN Level II students of Southville and Colleges /cHannah A. Acena. aLas Piñas, Philippines :bSouthville International School and Colleges,cc2010. a48 p. :bcol. Ill. ;c28 cm. aNursing